[Event "Winnipeg TNT October op"]
[Site "Winnipeg CAN"]
[Date "2009.10.27"]
[Round "4"]
[White "Greenberg, Harley"]
[Black "Milord, Frank"]
[Result "1-0"]
[WhiteElo "1714"]
[BlackElo "1636"]
[PlyCount "46"]
[GameId "2160767910096627"]
[EventDate "2009.10.06"]
[EventType "swiss"]
[EventRounds "4"]
[EventCountry "CAN"]
[SourceTitle "EXT 2011"]
[Source "ChessBase"]
[SourceDate "2011.11.26"]
[SourceVersion "1"]
[SourceVersionDate "2011.11.26"]
[SourceQuality "1"]

1. d4 d5 2. c4 c6 3. Nc3 Nf6 4. Nf3 dxc4 5. a4 Bf5 6. e3 e6 7. Bxc4 Bb4 8. O-O Nbd7 9. Qb3 Bxc3 10. bxc3 Qc7 11. Ba3 c5 12. dxc5 a5 13. Rfd1 Nxc5 14. Bb5+ Ncd7 15. Bd6 Qd8 16. Ne5 Be4 17. Ba3 Bc6 18. Nc4 Qc7 19. Nd6+ Kf8 20. Bxc6 Qxc6 21. Nc8+ Ke8 22. Nd6+ Kf8 23. Nf5+ Kg8 1-0

[Event "Winnipeg TNT October op"]
[Site "Winnipeg CAN"]
[Date "2009.10.27"]
[Round "4"]
[White "Lipnowski, Samuel"]
[Black "Dawa, Arvin"]
[Result "1-0"]
[WhiteElo "2248"]
[BlackElo "2074"]
[PlyCount "79"]
[GameId "2160767910096628"]
[EventDate "2009.10.06"]
[EventType "swiss"]
[EventRounds "4"]
[EventCountry "CAN"]
[SourceTitle "EXT 2011"]
[Source "ChessBase"]
[SourceDate "2011.11.26"]
[SourceVersion "1"]
[SourceVersionDate "2011.11.26"]
[SourceQuality "1"]

1. e4 e5 2. Nf3 Nc6 3. Bb5 a6 4. Ba4 Nf6 5. O-O b5 6. Bb3 Be7 7. Re1 O-O 8. a4 Bb7 9. d3 d6 10. Nbd2 Na5 11. Ba2 c5 12. c3 h6 13. Nf1 Qc7 14. Ng3 Rfe8 15. Nf5 Bf8 16. h3 Rad8 17. Nh2 c4 18. axb5 axb5 19. dxc4 Nxc4 20. Bb1 d5 21. exd5 Rxd5 22. Qc2 e4 23. Ne3 Nxe3 24. Bxe3 Bc5 25. Ba2 Rd3 26. Nf1 Red8 27. Qb3 Bxe3 28. Nxe3 Bc6 29. Qb4 Rd2 30. Nf1 R2d3 31. Qc5 Qb7 32. Bb3 Ra8 33. Ne3 Qd7 34. Nf5 Nd5 35. Rxa8+ Bxa8 36. Rxe4 Qxf5 37. Re8+ Kh7 38. Rxa8 Qf4 39. Ra1 Rxh3 40. gxh3 1-0

[Event "Winnipeg TNT October op"]
[Site "Winnipeg CAN"]
[Date "2009.10.27"]
[Round "4"]
[White "Ott, Richard"]
[Black "Kernetsky, Richard"]
[Result "0-1"]
[WhiteElo "1499"]
[BlackElo "1958"]
[PlyCount "58"]
[GameId "2160767910096629"]
[EventDate "2009.10.06"]
[EventType "swiss"]
[EventRounds "4"]
[EventCountry "CAN"]
[SourceTitle "EXT 2011"]
[Source "ChessBase"]
[SourceDate "2011.11.26"]
[SourceVersion "1"]
[SourceVersionDate "2011.11.26"]
[SourceQuality "1"]

1. d4 Nf6 2. c4 e6 3. Nc3 Bb4 4. e3 O-O 5. Bd3 d5 6. Nf3 c5 7. a3 Bxc3+ 8. bxc3 dxc4 9. Bxc4 Nc6 10. Bd3 Qc7 11. O-O e5 12. e4 cxd4 13. Nh4 Bg4 14. f3 Be6 15. Qe1 dxc3 16. Nf5 Ne7 17. Nxe7+ Qxe7 18. Qxc3 Nd7 19. Qb2 Nc5 20. Be2 f6 21. Bd2 Rfc8 22. Bb4 Qf7 23. a4 Nb3 24. Rab1 Nd4 25. Bd3 Bc4 26. Bxc4 Rxc4 27. Bc3 Rxc3 28. f4 Rc2 29. Qa3 Qg6 0-1

[Event "Winnipeg TNT October op"]
[Site "Winnipeg CAN"]
[Date "2009.10.27"]
[Round "4"]
[White "Rutter, Blair"]
[Black "Zaczek, Jonathon"]
[Result "0-1"]
[WhiteElo "1911"]
[BlackElo "2119"]
[PlyCount "82"]
[GameId "2160767910096630"]
[EventDate "2009.10.06"]
[EventType "swiss"]
[EventRounds "4"]
[EventCountry "CAN"]
[SourceTitle "EXT 2011"]
[Source "ChessBase"]
[SourceDate "2011.11.26"]
[SourceVersion "1"]
[SourceVersionDate "2011.11.26"]
[SourceQuality "1"]

1. c4 b6 2. Nc3 f5 3. e3 Bb7 4. d4 Nf6 5. b4 e6 6. Qb3 Be7 7. Bb2 O-O 8. Rd1 Kh8 9. d5 e5 10. Nb5 d6 11. Ne2 c6 12. Nbc3 Na6 13. h3 c5 14. a3 Nd7 15. f4 Re8 16. Kd2 Bf6 17. b5 Nc7 18. g4 exf4 19. exf4 Be7 20. Ng3 fxg4 21. hxg4 Rf8 22. Qc2 h6 23. Nce4 Rxf4 24. Rxh6+ Kg8 25. Rg6 Ne8 26. Nh5 Rf7 27. Be2 Nf8 28. Nef6+ Bxf6 29. Nxf6+ Nxf6 30. Bxf6 Rxf6 31. Rg5 Qe7 32. Rh5 Re8 33. Qd3 Rf2 34. Re1 Bc8 35. Rh3 Rxe2+ 36. Rxe2 Qxe2+ 37. Kc3 Qxd3+ 38. Kxd3 Bxg4 39. Rg3 Ng6 40. Kc3 Ne5 41. Re3 Rf8 0-1

[Event "Winnipeg TNT October op"]
[Site "Winnipeg CAN"]
[Date "2009.10.27"]
[Round "4"]
[White "Wasserman, Leor"]
[Black "Green, Jim"]
[Result "1/2-1/2"]
[WhiteElo "1672"]
[BlackElo "1781"]
[PlyCount "50"]
[GameId "2160767910096631"]
[EventDate "2009.10.06"]
[EventType "swiss"]
[EventRounds "4"]
[EventCountry "CAN"]
[SourceTitle "EXT 2011"]
[Source "ChessBase"]
[SourceDate "2011.11.26"]
[SourceVersion "1"]
[SourceVersionDate "2011.11.26"]
[SourceQuality "1"]

1. e4 c5 2. Nf3 e6 3. c3 Nc6 4. d4 cxd4 5. cxd4 Nf6 6. Bd3 Nb4 7. Nc3 Nxd3+ 8. Qxd3 d6 9. O-O Be7 10. Bf4 O-O 11. Rac1 a6 12. Rfd1 b5 13. e5 dxe5 14. dxe5 Qxd3 15. Rxd3 Ne8 16. Ne4 Bb7 17. Nc5 Bxc5 18. Rxc5 Bd5 19. a3 f6 20. Nd4 fxe5 21. Bxe5 Ra7 22. Nc6 Raf7 23. Bg3 h6 24. Ne5 Ra7 25. Nc6 Rd7 1/2-1/2

[Event "Winnipeg TNT September op"]
[Site "Winnipeg CAN"]
[Date "2009.09.01"]
[Round "1"]
[White "D'Arcangelo, Joseph"]
[Black "Greenberg, Harley"]
[Result "0-1"]
[WhiteElo "1071"]
[BlackElo "1750"]
[PlyCount "48"]
[GameId "2160767910093088"]
[EventDate "2009.09.01"]
[EventType "swiss"]
[EventRounds "4"]
[EventCountry "CAN"]
[SourceTitle "EXT 2011"]
[Source "ChessBase"]
[SourceDate "2011.11.26"]
[SourceVersion "1"]
[SourceVersionDate "2011.11.26"]
[SourceQuality "1"]

1. d3 d5 2. Nf3 c5 3. b3 Nc6 4. Bb2 d4 5. Nbd2 e5 6. Ne4 f5 7. Ng3 Nf6 8. h4 Be7 9. Qd2 O-O 10. O-O-O Ng4 11. Qe1 Be6 12. Kb1 a5 13. Bc1 a4 14. Bg5 axb3 15. cxb3 Nb4 16. Rd2 Ra6 17. Bxe7 Qxe7 18. Ng5 Rfa8 19. Nxe6 Qxe6 20. f3 Nxa2 21. Rc2 Nc3+ 22. Kc1 Ne3 23. Qf2 Qxb3 24. Rxc3 Qxc3+ 0-1

[Event "Winnipeg TNT September op"]
[Site "Winnipeg CAN"]
[Date "2009.09.01"]
[Round "1"]
[White "Evans, Brian"]
[Black "Boron, Anthony"]
[Result "0-1"]
[WhiteElo "1588"]
[BlackElo "1996"]
[PlyCount "90"]
[GameId "2160767910093089"]
[EventDate "2009.09.01"]
[EventType "swiss"]
[EventRounds "4"]
[EventCountry "CAN"]
[SourceTitle "EXT 2011"]
[Source "ChessBase"]
[SourceDate "2011.11.26"]
[SourceVersion "1"]
[SourceVersionDate "2011.11.26"]
[SourceQuality "1"]

1. e4 c5 2. Nf3 e6 3. d4 cxd4 4. Nxd4 Nf6 5. Nc3 Nc6 6. Ndb5 Bb4 7. Nd6+ Ke7 8. Nxc8+ Rxc8 9. Bd2 d5 10. exd5 Nxd5 11. Nxd5+ Qxd5 12. c3 Bc5 13. Qg4 Bxf2+ 14. Kxf2 Qxd2+ 15. Qe2 Rhd8 16. g3 Ne5 17. Rb1 Ng4+ 18. Kg1 Qe3+ 19. Qxe3 Nxe3 20. Kf2 Ng4+ 21. Kf3 h5 22. h3 Ne5+ 23. Ke3 Rd6 24. Be2 g6 25. Rhd1 Rcd8 26. b3 Rc8 27. c4 Ra6 28. Rd2 Rd8 29. Rbd1 Rxd2 30. Rxd2 Rd6 31. Rxd6 Kxd6 32. Kd4 Nc6+ 33. Kc3 b6 34. b4 Ne7 35. g4 hxg4 36. hxg4 f5 37. a4 Nc6 38. gxf5 exf5 39. Bf3 Ne5 40. Bh1 g5 41. Kd4 Nc6+ 42. Bxc6 Kxc6 43. Ke5 f4 44. Ke4 a5 45. bxa5 bxa5 0-1

[Event "Winnipeg TNT September op"]
[Site "Winnipeg CAN"]
[Date "2009.09.01"]
[Round "1"]
[White "Gibbons, Lorne"]
[Black "Green, Aaron"]
[Result "0-1"]
[WhiteElo "1294"]
[BlackElo "1901"]
[PlyCount "51"]
[GameId "2160767910093090"]
[EventDate "2009.09.01"]
[EventType "swiss"]
[EventRounds "4"]
[EventCountry "CAN"]
[SourceTitle "EXT 2011"]
[Source "ChessBase"]
[SourceDate "2011.11.26"]
[SourceVersion "1"]
[SourceVersionDate "2011.11.26"]
[SourceQuality "1"]

1. d4 Nf6 2. Bf4 g6 3. c4 d5 4. cxd5 Nxd5 5. Bg3 Bg7 6. e4 Nb6 7. e5 Nc6 8. Bb5 Bd7 9. Bxc6 Bxc6 10. f3 O-O 11. Ne2 e6 12. O-O Nd5 13. Qd2 Qe7 14. a3 Bb5 15. Rd1 Bxe2 16. Qxe2 Rac8 17. Rd3 c5 18. dxc5 Qxc5+ 19. Kf1 Qc1+ 20. Kf2 Bh6 21. Rd1 Qc2 22. Nc3 Rxc3 23. Rxd5 Qxe2+ 24. Kxe2 Re3+ 25. Kf2 exd5 26. f4 0-1

[Event "Winnipeg TNT September op"]
[Site "Winnipeg CAN"]
[Date "2009.09.01"]
[Round "1"]
[White "Green, Jim"]
[Black "Lipnowski, Samuel"]
[Result "0-1"]
[WhiteElo "1762"]
[BlackElo "2285"]
[PlyCount "105"]
[GameId "2160767910093091"]
[EventDate "2009.09.01"]
[EventType "swiss"]
[EventRounds "4"]
[EventCountry "CAN"]
[SourceTitle "EXT 2011"]
[Source "ChessBase"]
[SourceDate "2011.11.26"]
[SourceVersion "1"]
[SourceVersionDate "2011.11.26"]
[SourceQuality "1"]

1. e4 c5 2. Nf3 d6 3. Bb5+ Nd7 4. O-O a6 5. Bc4 e6 6. d4 b5 7. Be2 cxd4 8. Nxd4 Bb7 9. f3 Ngf6 10. Be3 d5 11. exd5 Nxd5 12. Bf2 Qg5 13. Qd2 Nf4 14. Bg3 Nxe2+ 15. Nxe2 Bc5+ 16. Kh1 Qxd2 17. Nxd2 Rc8 18. Nc3 Bd4 19. Nde4 Bxe4 20. Nxe4 Rxc2 21. Rac1 Rxc1 22. Rxc1 O-O 23. Rd1 Rc8 24. h4 e5 25. Bf2 Bxf2 26. Nxf2 Nf8 27. Rd2 g6 28. Kh2 Kg7 29. g3 Ne6 30. Kg2 Nd4 31. Nd3 f6 32. Kf2 a5 33. Ke3 Nf5+ 34. Kf2 Rd8 35. b3 h5 36. Rd1 Rd4 37. Nb2 Kf7 38. Rxd4 Nxd4 39. Nd3 Ke7 40. Nc5 Ne6 41. Nb7 a4 42. bxa4 bxa4 43. Na5 Kd6 44. Nc4+ Kc5 45. Ne3 Kb4 46. Nd1 Ka3 47. Nc3 Nc5 48. Ke3 Kb2 49. Kd2 f5 50. Nxa4+ Nxa4 51. Kd3 Kxa2 52. Kc4 Nb6+ 53. Kc5 0-1

[Event "Winnipeg TNT September op"]
[Site "Winnipeg CAN"]
[Date "2009.09.01"]
[Round "1"]
[White "Kernetsky, Myron"]
[Black "Magnusson, Saul"]
[Result "0-1"]
[WhiteElo "1985"]
[BlackElo "1648"]
[PlyCount "60"]
[GameId "2160767910093092"]
[EventDate "2009.09.01"]
[EventType "swiss"]
[EventRounds "4"]
[EventCountry "CAN"]
[SourceTitle "EXT 2011"]
[Source "ChessBase"]
[SourceDate "2011.11.26"]
[SourceVersion "1"]
[SourceVersionDate "2011.11.26"]
[SourceQuality "1"]

1. d4 Nf6 2. c4 e6 3. Nf3 d5 4. Nc3 Be7 5. Bf4 Nbd7 6. e3 O-O 7. Bd3 dxc4 8. Bxc4 c5 9. O-O Nb6 10. Be2 Nbd5 11. Nxd5 Nxd5 12. Bg3 Qb6 13. Qd2 Bd7 14. a3 Rac8 15. Rac1 Rfe8 16. dxc5 Rxc5 17. b4 Rxc1 18. Rxc1 Bb5 19. Ne5 Bxe2 20. Qxe2 a5 21. bxa5 Qxa5 22. Nc4 Qa6 23. Kf1 Rc8 24. Rc2 b5 25. e4 Nf6 26. Ne3 Rd8 27. Rb2 Nxe4 28. Qxb5 Qxa3 29. Bc7 Qa1+ 30. Ke2 Nc3+ 0-1

[Event "Winnipeg TNT September op"]
[Site "Winnipeg CAN"]
[Date "2009.09.01"]
[Round "1"]
[White "Ott, Richard"]
[Black "Lauritson, Jim"]
[Result "1-0"]
[WhiteElo "1499"]
[BlackElo "1923"]
[PlyCount "51"]
[GameId "2160767910093093"]
[EventDate "2009.09.01"]
[EventType "swiss"]
[EventRounds "4"]
[EventCountry "CAN"]
[SourceTitle "EXT 2011"]
[Source "ChessBase"]
[SourceDate "2011.11.26"]
[SourceVersion "1"]
[SourceVersionDate "2011.11.26"]
[SourceQuality "1"]

1. d4 Nf6 2. Nf3 e6 3. Bf4 c5 4. c3 Qb6 5. Qc2 Nc6 6. Na3 cxd4 7. Nc4 Qc5 8. e3 dxc3 9. bxc3 d5 10. Nce5 Ne4 11. Rc1 Qa5 12. Bd3 Ba3 13. O-O Bxc1 14. Bxe4 dxe4 15. Nc4 Qa6 16. Nd6+ Ke7 17. Qxe4 Ba3 18. Nf5+ Kf8 19. Bd6+ Bxd6 20. Nxd6 Bd7 21. Qf4 Be8 22. Ne5 Nd8 23. Qb4 h6 24. Nf5+ Kg8 25. Ne7+ Kf8 26. N7g6+ 1-0

[Event "Winnipeg TNT September op"]
[Site "Winnipeg CAN"]
[Date "2009.09.01"]
[Round "1"]
[White "Pang, Michael"]
[Black "Dawa, Arvin"]
[Result "0-1"]
[WhiteElo "1696"]
[BlackElo "2072"]
[PlyCount "96"]
[GameId "2160767910093094"]
[EventDate "2009.09.01"]
[EventType "swiss"]
[EventRounds "4"]
[EventCountry "CAN"]
[SourceTitle "EXT 2011"]
[Source "ChessBase"]
[SourceDate "2011.11.26"]
[SourceVersion "1"]
[SourceVersionDate "2011.11.26"]
[SourceQuality "1"]

1. e4 c6 2. d4 d5 3. e5 Bf5 4. Nf3 e6 5. c4 Nd7 6. Nc3 Ne7 7. b3 Qb6 8. Be3 Bg4 9. Be2 Nf5 10. O-O Bxf3 11. Bxf3 Nxe5 12. cxd5 Nxf3+ 13. Qxf3 cxd5 14. Nxd5 Qc6 15. Nf4 Qxf3 16. gxf3 Bd6 17. Nd3 O-O 18. Rac1 Rac8 19. Nc5 b6 20. Ne4 Ba3 21. Rc4 b5 22. Rc3 Bb4 23. Rcc1 h6 24. Rfd1 Ne7 25. Nc5 Nd5 26. Bd2 Ba3 27. Rc2 Rc6 28. Bc1 Bxc5 29. Rxc5 Rxc5 30. dxc5 Rc8 31. Be3 Nxe3 32. fxe3 Rxc5 33. Rd8+ Kh7 34. Rd7 Rc1+ 35. Kf2 Rc2+ 36. Kg3 Rxa2 37. Rxf7 Kg6 38. Rb7 a6 39. Rb6 Kf6 40. h4 Ra3 41. Kf4 Rxb3 42. Rxa6 Rb1 43. Rb6 b4 44. e4 g5+ 45. hxg5+ hxg5+ 46. Ke3 b3 47. Rb5 b2 48. Ke2 Rh1 0-1

[Event "Winnipeg TNT September op"]
[Site "Winnipeg CAN"]
[Date "2009.09.01"]
[Round "1"]
[White "Rutter, Blair"]
[Black "Trueman, Francis"]
[Result "1-0"]
[WhiteElo "1878"]
[BlackElo "1474"]
[PlyCount "79"]
[GameId "2160767910093095"]
[EventDate "2009.09.01"]
[EventType "swiss"]
[EventRounds "4"]
[EventCountry "CAN"]
[SourceTitle "EXT 2011"]
[Source "ChessBase"]
[SourceDate "2011.11.26"]
[SourceVersion "1"]
[SourceVersionDate "2011.11.26"]
[SourceQuality "1"]

1. c4 e5 2. g3 Nf6 3. Bg2 c6 4. e4 Bc5 5. Ne2 Qb6 6. O-O d6 7. h3 Nxe4 8. Bxe4 Bxh3 9. Bg2 Bg4 10. Nbc3 Qc7 11. d3 Nd7 12. Ne4 Bd4 13. Qc2 h6 14. Nxd4 exd4 15. Bf4 Ne5 16. f3 Be6 17. c5 dxc5 18. Qxc5 f6 19. Nd6+ Kd7 20. Bxe5 fxe5 21. Nc4 Bd5 22. b3 b6 23. Bh3+ Ke8 24. Qd6 Qxd6 25. Nxd6+ Ke7 26. Nc4 Kf6 27. Rae1 Rae8 28. Nd6 Rd8 29. Ne4+ Kg6 30. Rf2 Rhf8 31. Bg2 c5 32. Nd2 Kf6 33. f4 Kg6 34. Rxe5 Bf7 35. Rfe2 Kh7 36. Re7 Bh5 37. Bf3 Be8 38. Rxa7 Bb5 39. Nc4 Bd7 40. Re7 1-0

[Event "Winnipeg TNT September op"]
[Site "Winnipeg CAN"]
[Date "2009.09.01"]
[Round "1"]
[White "Schulz, Waldemar"]
[Black "Milord, Frank"]
[Result "1-0"]
[WhiteElo "2000"]
[BlackElo "1630"]
[PlyCount "119"]
[GameId "2160767910093096"]
[EventDate "2009.09.01"]
[EventType "swiss"]
[EventRounds "4"]
[EventCountry "CAN"]
[SourceTitle "EXT 2011"]
[Source "ChessBase"]
[SourceDate "2011.11.26"]
[SourceVersion "1"]
[SourceVersionDate "2011.11.26"]
[SourceQuality "1"]

1. Nf3 Nf6 2. g3 d5 3. Bg2 Bg4 4. Ne5 Bh5 5. d4 e6 6. Nd2 Nfd7 7. Ndf3 Nxe5 8. Nxe5 Nd7 9. O-O c5 10. Re1 c4 11. c3 h6 12. Qa4 f6 13. Nxd7 Qxd7 14. Qc2 Kf7 15. e4 Bg6 16. Qe2 Kg8 17. b3 Rc8 18. Qg4 Bxe4 19. Bxe4 f5 20. Bxf5 exf5 21. Qf3 Rd8 22. Re5 g6 23. Bd2 Bg7 24. Re2 Kh7 25. Rae1 Bf6 26. Re6 Rhf8 27. Qe2 b5 28. h4 Kg7 29. Bf4 Rf7 30. Qe3 Rh8 31. Rd6 Qb7 32. Qe6 cxb3 33. axb3 Rc8 34. Bd2 b4 35. cxb4 Rc2 36. Be3 Qxb4 37. Rf1 Qb7 38. Qxd5 Rb2 39. Qxb7 Rxb7 40. Bxh6+ Kf7 41. Be3 R2xb3 42. Ra1 Ke7 43. Raa6 Rb1+ 44. Kg2 R1b6 45. Rc6 Rxc6 46. Rxc6 Rd7 47. Ra6 Kf7 48. Kf3 Bd8 49. Ke2 Bb6 50. Kd3 Rd5 51. Kc4 Ke6 52. Ra1 a5 53. Rb1 Bd8 54. Rb8 Rd7 55. Bf4 Rd5 56. Ra8 Be7 57. Ra6+ Bd6 58. Bxd6 Rxd6 59. Rxa5 Kd7 60. Kc5 1-0

[Event "Winnipeg TNT September op"]
[Site "Winnipeg CAN"]
[Date "2009.09.01"]
[Round "1"]
[White "Swift, Ryne"]
[Black "Green, Leah"]
[Result "1-0"]
[WhiteElo "1831"]
[BlackElo "1242"]
[PlyCount "53"]
[GameId "2160767910093097"]
[EventDate "2009.09.01"]
[EventType "swiss"]
[EventRounds "4"]
[EventCountry "CAN"]
[SourceTitle "EXT 2011"]
[Source "ChessBase"]
[SourceDate "2011.11.26"]
[SourceVersion "1"]
[SourceVersionDate "2011.11.26"]
[SourceQuality "1"]

1. e4 e5 2. Nf3 Nc6 3. d4 exd4 4. Nxd4 d6 5. Nc3 Nf6 6. f3 Bd7 7. Be3 Nxd4 8. Bxd4 c5 9. Be3 g6 10. Qd2 Qe7 11. O-O-O O-O-O 12. Bg5 Bg7 13. Nd5 Qe6 14. Qa5 Nxd5 15. Bxd8 Rxd8 16. Rxd5 a6 17. Bc4 Qf6 18. c3 Qf4+ 19. Kc2 Be6 20. Qb6 Bxd5 21. Bxd5 Rd7 22. Qa7 Rc7 23. Qa8+ Kd7 24. Qg8 Bh6 25. Bxf7 Qd2+ 26. Kb1 Qxg2 27. Qe8# 1-0

[Event "Winnipeg TNT September op"]
[Site "Winnipeg CAN"]
[Date "2009.09.01"]
[Round "1"]
[White "Zaczek, Jonathon"]
[Black "Lipic, Stephen"]
[Result "1-0"]
[WhiteElo "2126"]
[BlackElo "1718"]
[PlyCount "125"]
[GameId "2160767910093098"]
[EventDate "2009.09.01"]
[EventType "swiss"]
[EventRounds "4"]
[EventCountry "CAN"]
[SourceTitle "EXT 2011"]
[Source "ChessBase"]
[SourceDate "2011.11.26"]
[SourceVersion "1"]
[SourceVersionDate "2011.11.26"]
[SourceQuality "1"]

1. e4 c6 2. d4 d5 3. e5 Bf5 4. Bd3 Bxd3 5. Qxd3 e6 6. Nf3 h6 7. O-O Ne7 8. c4 dxc4 9. Qxc4 Nd5 10. Nc3 Nd7 11. Ne4 N7b6 12. Qe2 Be7 13. Be3 Rc8 14. Rac1 O-O 15. Rfd1 Nxe3 16. fxe3 Nd5 17. Nfd2 Bg5 18. Nc4 b5 19. Nxg5 Qxg5 20. Nd6 Qxe3+ 21. Qxe3 Nxe3 22. Nxc8 Rxc8 23. Rd3 Nd5 24. Rb3 Rc7 25. Rc5 Kf8 26. a4 bxa4 27. Rb8+ Ke7 28. Ra5 Nb6 29. Rg8 g6 30. Rh8 h5 31. Rb8 Kd7 32. Kf2 Ke7 33. Kf3 f6 34. Rh8 fxe5 35. dxe5 Nc4 36. Rh7+ Kd8 37. Rxc7 Kxc7 38. Rxa4 Nxb2 39. Rxa7+ Kb6 40. Re7 Kc5 41. Ke4 Nc4 42. Rxe6 Nd2+ 43. Kd3 Nf1 44. h3 g5 45. Rg6 g4 46. hxg4 hxg4 47. Rxg4 Kd5 48. Ke2 Nh2 49. Rh4 Nf3 50. gxf3 Kxe5 51. Rc4 Kd5 52. Rc1 c5 53. Ke3 c4 54. f4 Kc5 55. Ke4 Kd6 56. f5 Kc5 57. Ke5 Kb4 58. f6 Kb3 59. f7 c3 60. f8=Q Kb2 61. Qb4+ Ka2 62. Qa4+ Kb2 63. Rc2+ 1-0

[Event "Winnipeg TNT September op"]
[Site "Winnipeg CAN"]
[Date "2009.09.15"]
[Round "2"]
[White "Dawa, Arvin"]
[Black "Greenberg, Harley"]
[Result "1-0"]
[WhiteElo "2072"]
[BlackElo "1750"]
[PlyCount "79"]
[GameId "2160767910093099"]
[EventDate "2009.09.01"]
[EventType "swiss"]
[EventRounds "4"]
[EventCountry "CAN"]
[SourceTitle "EXT 2011"]
[Source "ChessBase"]
[SourceDate "2011.11.26"]
[SourceVersion "1"]
[SourceVersionDate "2011.11.26"]
[SourceQuality "1"]

1. d4 Nf6 2. Nf3 e6 3. Bg5 Be7 4. Nbd2 d5 5. e3 O-O 6. Bd3 b6 7. O-O Bb7 8. Ne5 Ne4 9. Bxe7 Qxe7 10. f3 Nf6 11. c3 Nbd7 12. f4 c5 13. Ndf3 Ne4 14. Nxd7 Qxd7 15. Ne5 Qe7 16. Qh5 f6 17. Nf3 Qf7 18. Qh4 c4 19. Bc2 b5 20. a3 a5 21. g4 Kh8 22. g5 b4 23. axb4 axb4 24. Kh1 Rxa1 25. Rxa1 fxg5 26. Nxg5 Nxg5 27. Qxg5 bxc3 28. bxc3 h6 29. Qg3 Bc6 30. Ra6 Bb5 31. Rb6 Bd7 32. Rb7 Kg8 33. Bg6 Qe7 34. Bc2 e5 35. dxe5 d4 36. Ba4 dxc3 37. Rxd7 Qxd7 38. Bxd7 c2 39. Qg1 Rb8 40. Bf5 1-0

[Event "Winnipeg TNT September op"]
[Site "Winnipeg CAN"]
[Date "2009.09.15"]
[Round "2"]
[White "Green, Aaron"]
[Black "Zaczek, Jonathon"]
[Result "1-0"]
[WhiteElo "1901"]
[BlackElo "2126"]
[PlyCount "107"]
[GameId "2160767910093100"]
[EventDate "2009.09.01"]
[EventType "swiss"]
[EventRounds "4"]
[EventCountry "CAN"]
[SourceTitle "EXT 2011"]
[Source "ChessBase"]
[SourceDate "2011.11.26"]
[SourceVersion "1"]
[SourceVersionDate "2011.11.26"]
[SourceQuality "1"]

1. e4 c5 2. Nf3 d6 3. d4 cxd4 4. Nxd4 Nf6 5. Nc3 e6 6. Be3 a6 7. f3 b5 8. Qd2 Bb7 9. g4 Qc7 10. g5 Nfd7 11. h4 b4 12. Nd1 d5 13. Bd3 Ne5 14. Nf2 Bc5 15. Rh3 Nbd7 16. b3 Qb6 17. f4 Bxd4 18. fxe5 Bxa1 19. Bxb6 Bc3 20. Qxc3 bxc3 21. Bd4 Rc8 22. exd5 exd5 23. Nd1 Nc5 24. Bf5 Ne6 25. Bxc3 g6 26. Bd3 h6 27. gxh6 Rxh6 28. Bd2 Rh5 29. Nf2 Rxe5+ 30. Kd1 Nc5 31. Be2 Ne4 32. Nd3 Re7 33. Bb4 Rec7 34. h5 Nc3+ 35. Bxc3 Rxc3 36. hxg6 fxg6 37. Rh8+ Kd7 38. Bg4+ Kc7 39. Bxc8 Bxc8 40. Nf4 Rc6 41. Nxd5+ Kd7 42. Nb4 Rd6+ 43. Nd3 Bb7 44. Ke1 Rd5 45. Rh7+ Kc8 46. Kf2 Rh5 47. Rxh5 gxh5 48. Nc5 Bd5 49. Nxa6 Kb7 50. Nb4 Be4 51. Nd3 Kc6 52. a4 Kd5 53. Ke3 h4 54. c4+ 1-0

[Event "Winnipeg TNT September op"]
[Site "Winnipeg CAN"]
[Date "2009.09.15"]
[Round "2"]
[White "Green, Leah"]
[Black "Pang, Michael"]
[Result "0-1"]
[WhiteElo "1242"]
[BlackElo "1696"]
[PlyCount "102"]
[GameId "2160767910093101"]
[EventDate "2009.09.01"]
[EventType "swiss"]
[EventRounds "4"]
[EventCountry "CAN"]
[SourceTitle "EXT 2011"]
[Source "ChessBase"]
[SourceDate "2011.11.26"]
[SourceVersion "1"]
[SourceVersionDate "2011.11.26"]
[SourceQuality "1"]

1. e4 c5 2. Nf3 d6 3. d4 cxd4 4. Nxd4 Nf6 5. Nc3 Nc6 6. Bb5 Bd7 7. Nxc6 Bxc6 8. Bxc6+ bxc6 9. O-O g6 10. Re1 Bg7 11. Bf4 O-O 12. e5 dxe5 13. Bxe5 Nd5 14. Nxd5 cxd5 15. Bxg7 Kxg7 16. Qd4+ Kg8 17. b3 e6 18. c4 dxc4 19. Qxd8 Rfxd8 20. bxc4 Rac8 21. Rac1 Rd4 22. c5 Rd5 23. h3 Rdxc5 24. Rxc5 Rxc5 25. Re3 Kg7 26. Ra3 a5 27. Kf1 Re5 28. f4 Rd5 29. Ke2 Kf6 30. g4 e5 31. fxe5+ Kxe5 32. Re3+ Kd6 33. Rf3 Ke6 34. Re3+ Re5 35. Rxe5+ Kxe5 36. Ke3 f5 37. gxf5 gxf5 38. h4 f4+ 39. Kf3 h5 40. a4 Kf5 41. Kf2 Kg4 42. Kg2 Kxh4 43. Kf3 Kg5 44. Kf2 h4 45. Kg2 Kg4 46. Kh1 f3 47. Kg1 h3 48. Kh1 f2 49. Kh2 Kh4 50. Kh1 f1=Q+ 51. Kh2 Qg2# 0-1

[Event "Winnipeg TNT September op"]
[Site "Winnipeg CAN"]
[Date "2009.09.15"]
[Round "2"]
[White "Lauritson, Jim"]
[Black "Evans, Brian"]
[Result "1-0"]
[WhiteElo "1923"]
[BlackElo "1588"]
[PlyCount "95"]
[GameId "2160767910093102"]
[EventDate "2009.09.01"]
[EventType "swiss"]
[EventRounds "4"]
[EventCountry "CAN"]
[SourceTitle "EXT 2011"]
[Source "ChessBase"]
[SourceDate "2011.11.26"]
[SourceVersion "1"]
[SourceVersionDate "2011.11.26"]
[SourceQuality "1"]

1. d4 d5 2. c4 e6 3. Nc3 Nf6 4. cxd5 exd5 5. Bg5 Be7 6. e3 a6 7. Bd3 Nc6 8. a3 b6 9. Nge2 Be6 10. Qc2 h6 11. Bh4 O-O 12. f3 Kh8 13. O-O Nh5 14. Bf2 Bh4 15. e4 Bxf2+ 16. Rxf2 Nf6 17. e5 Ng8 18. Nd1 Nce7 19. Ne3 Qd7 20. f4 f5 21. g4 g6 22. Rc1 Ra7 23. Ng3 c5 24. gxf5 gxf5 25. Qc3 Rc8 26. Rfc2 c4 27. Bf1 Ng6 28. Rf2 a5 29. Bh3 Nh4 30. Qc2 Ne7 31. Kh1 Rf8 32. Nh5 Ng8 33. Rg1 Qe8 34. Qd1 Bf7 35. Ng3 Bg6 36. Bg2 Rc7 37. Nxd5 Rg7 38. Nxb6 Nxg2 39. Rfxg2 Qc6 40. Na4 Be8 41. Nc3 Rb7 42. d5 Qc5 43. Nxf5 Rbf7 44. Rxg8+ Rxg8 45. Rxg8+ Kxg8 46. Nxh6+ Kf8 47. Nxf7 Bxf7 48. e6 1-0